Stormy weather : (Record no. 20044)

MARC details
000 -LEADER
fixed length control field 00610nam a22002057a 4500
003 - CONTROL NUMBER IDENTIFIER
control field OSt
008 - FIXED-LENGTH DATA ELEMENTS--GENERAL INFORMATION
fixed length control field 240115b |||||||| |||| 00| 0 eng d
020 ## - INTERNATIONAL STANDARD BOOK NUMBER
International Standard Book Number 9780865714212
082 ## - DEWEY DECIMAL CLASSIFICATION NUMBER
Classification number 363.738747
Item number DAU-S
100 ## - MAIN ENTRY--PERSONAL NAME
Personal name Dauncey, Guy
245 ## - TITLE STATEMENT
Title Stormy weather :
Remainder of title 101 solutions to global climate change /
Statement of responsibility, etc Guy Dauncey and Patrick Mazza.
260 ## - PUBLICATION, DISTRIBUTION, ETC. (IMPRINT)
Place of publication, distribution, etc Canada :
Name of publisher, distributor, etc New Society Publishers ,
Date of publication, distribution, etc 2001.
300 ## - PHYSICAL DESCRIPTION
Extent / Pages xiv, 271 p. ;
650 ## - SUBJECT ADDED ENTRY--TOPICAL TERM
Topical term or geographic name as entry element Climatic changes
650 ## - SUBJECT ADDED ENTRY--TOPICAL TERM
Topical term or geographic name as entry element Global warming
650 ## - SUBJECT ADDED ENTRY--TOPICAL TERM
Topical term or geographic name as entry element Greenhouse gas mitigation
650 ## - SUBJECT ADDED ENTRY--TOPICAL TERM
Topical term or geographic name as entry element Pollution prevention
700 ## - ADDED ENTRY--PERSONAL NAME
Personal name Mazza, Patrick
942 ## - ADDED ENTRY ELEMENTS (KOHA)
Source of classification or shelving scheme
Koha item type Books
Holdings
Withdrawn status Lost status Source of classification or shelving scheme Damaged status Not for loan Home library Current library Date acquired Currency Cost, normal purchase price Total Checkouts Full call number Barcode Date last seen Copy number Bill Date Koha item type
          SOBD Library SOBD Library 15/01/2024 USD 22.95   363.738747 DAU-S1 SD1696 15/01/2024 1 15/01/2024 Books
Hosted, Implemented, Customized & Maintained by: BestBookBuddies

Powered by Koha